The changing years of American Literature
Gespeichert in:
| 1. Verfasser: | |
|---|---|
| Format: | Buch |
| Sprache: | Undetermined |
| Veröffentlicht: |
New York, Estados Unidos
The Macmillan Company
1963
|
| Schlagworte: | |
| Tags: |
Tag hinzufügen
Keine Tags, Fügen Sie den ersten Tag hinzu!
|
MARC
| LEADER | 00000nam a2200000Ia 4500 | ||
|---|---|---|---|
| 008 | 170316s9999 xx 000 0 und d | ||
| 040 | |a cru BVZT | ||
| 090 | |a 810 W-1ch | ||
| 100 | |a Wachner, Clarence W., Dr.; Ross, Frank E. y Van Houten, Eva Marie | ||
| 245 | 4 | |a The changing years of American Literature | |
| 260 | |a New York, Estados Unidos | ||
| 260 | |b The Macmillan Company | ||
| 260 | |c 1963 | ||
| 300 | |a 344 páginas | ||
| 650 | |a LITERATURA ESTADOUNIDENSE | ||
| 999 | |c 6246 |d 6246 | ||
| 942 | |c 15 D |h 810 W-1ch |2 z | ||
